00650nam a2200241 a 4500001001300000003000900013005001700022008004100039020000900080082001700089100001900106245003000125260003200155300000900187500003500196505001000231650002100241700001900262902000800281942000700289952009700296999001500393nice12345678IN_TiNIC20260116012524.0050524s1973 meea grp 000 0 eng  ac3500a297.8bMUH 2 aMuhammad, Shan aKhaksar Movement in India aMeerutbMeenakshi Pubc1973 a164p aincludes index and biblioraphy2 aIndex aKhaksar Movement1 aMuhammad, Shan bSRS cBK 00104070aHMIbHMId2007-07-13g35.00l0o297.8 MUH 2p010122r2007-07-13w2026-01-16yEB c7342d7342